| 000 | 00890nam a2200265Ia 4500 | ||
|---|---|---|---|
| 003 | OSt | ||
| 005 | 20220923211153.0 | ||
| 006 | a|||||r|||| 00| 0 | ||
| 007 | ta | ||
| 008 | Pun | ||
| 020 |
_a81876542274 _c250 |
||
| 024 | _a260,736 | ||
| 037 |
_b547, 02/12/2011, H.K. Prakashan _cTextual |
||
| 040 |
_aARTS _cARTS _bPun |
||
| 041 |
_2Pun _aPun |
||
| 082 | _aO153:gN, Q1 | ||
| 100 |
_aਰਵਿੰਦਰ ਸਿੰਘ _9159096 |
||
| 245 | 0 | _aਨਵ ਚਿੰਤਨ ਅਤੇ ਸਮਕਾਲੀ ਪੰਜਾਬੀ ਸਾਹਿਤ | |
| 260 |
_aਦਿੱਲੀ _b ਮਨਪ੍ਰੀਤ ਪ੍ਰਕਾFਨ _c2011 |
||
| 300 |
_a120ਪੰ _ccm. |
||
| 650 | _a ਪੰਜਾਬੀ ਸਾਹਿਤ | ||
| 650 | _aਪੰਜਾਬੀ ਸਾਹਿਤ | ||
| 942 |
_hO153:gN, Q1 _cTEXL _2CC |
||
| 999 |
_c296296 _d296296 |
||